00331pab a2200121 454500008004000000100001600040245006400056260000900120300001300129362000800142650002000150773003900170180718b2004 xxu||||| |||| 00| 0 eng d aFarr, James aThe science of politics - as civic education - then and now c2004 ap.37-40. aJan aCivic education aPS: Political Science and Politics